000 00354nam a2200145Ia 4500
003 OSt
005 20240321111023.0
008 170523s9999 xx 000 0 und d
020 _a978-8120343849
040 _ciimtu meerut
100 _aRAJARRAMAN
245 0 _aANALYSIS AND DESIGN OF INFORMATION SYSTEM
260 _bTATA MC GRAW HILL
942 _2ddc
_c02
999 _c1729
_d1729